| 000 | 00453nam a2200193Ia 4500 | ||
|---|---|---|---|
| 999 |
_c67661 _d67661 |
||
| 003 | 0100 | ||
| 005 | 20170428105608.0 | ||
| 008 | 130303s9999 xx 000 0 und d | ||
| 040 | _cARRUPELIB | ||
| 050 | _aDT450.435.G844 2007 | ||
| 100 |
_aGrey, Mary C. _930143 |
||
| 245 | _aTo Rwanda and back | ||
| 245 | _bliberation spirituality and reconciliation | ||
| 260 |
_bDarton _aLondon _c2007 |
||
| 300 | _axviii | ||
| 300 | _b 228p. 22cm. | ||
| 650 |
_aGenocide _xHistory _y20th century _zRwanda _930128 |
||
| 942 |
_2lcc _cMONOGRAPH |
||